Statistiken für Alle Vereine der Regionalliga 2023/2024

Klicken Sie hier um das Quiz zu spielen!

Allgemein

  • Dieses Quiz wurde 176 mal gespielt
    (146 seit der letzten Aktualisierung)
  • Das Durchschnittsergebnis liegt bei 58 aus 90

Antwortstatistiken

Antwort% Korrekt
Alemannia Aachen
90%
Bayern München II
90%
Bahlinger SC
89%
VfB Stuttgart II
89%
Fortuna Köln
87%
Rot-Weiß Erfurt
87%
1. FC Köln II
86%
FC Energie Cottbus
86%
Hamburger SV II
86%
1. FC Nürnberg II
85%
Stuttgarter Kickers
84%
FC Carl Zeiss Jena
82%
Chemnitzer FC
80%
FC Schalke 04 II
80%
FC Viktoria 1889 Berlin
80%
FSV Frankfurt
80%
Holstein Kiel II
80%
FC St. Pauli II
79%
Hansa Rostock II
79%
Kilia Kiel
79%
TSV Schott Mainz
79%
Kickers Offenbach
78%
SpVgg Greuther Fürth II
78%
Würzburger Kickers
78%
1. FC Lok Leipzig
77%
BSG Chemie Leipzig
77%
Eintracht Frankfurt II
77%
Fortuna Düsseldorf II
77%
Rot-Weiß Oberhausen
77%
Hannover 96 II
76%
Hertha BSC II
76%
FSV Zwickau
75%
Rot Weiss Ahlen
75%
SpVgg Bayreuth
75%
TuS Koblenz
75%
Wuppertaler SV
75%
1. FC Phönix Lübeck
74%
TSG Hoffenheim II
74%
VFB Oldenburg
74%
VfR Aalen
74%
FC Augsburg II
73%
Greifswalder FC
73%
BFC Dynamo
72%
Borussia Mönchengladbach II
72%
FC 08 Homburg
71%
SV Meppen
71%
SV Babelsberg
69%
1. FC Bocholt
66%
Bremer SV
66%
1. FC Schweinfurt 05
65%
SC Weiche Flensburg 08
65%
Türkgücü München
65%
Berliner AK 07
64%
Hessen Kassel
64%
SC Paderborn II
61%
VSG Altglienicke
61%
1. FC Düren
60%
FC Gütersloh
60%
Eintracht Bamberg
58%
Viktoria Aschaffenburg
58%
ZFC Meuselwitz
58%
SV Lippstadt 08
57%
1. FSV Mainz 05 II
56%
DJK Vilzing
54%
TSV Havelse
54%
SV Rödinghausen
53%
FC Teutonia Ottensen
48%
SG Barockstadt Fulda-Lehnerz
47%
SSV Jeddeloh II
47%
Wacker Burghausen
47%
FC Eilenburg
46%
SV Drochtersen/Assel
46%
TSG Balingen
46%
TSV Steinbach Haiger
44%
FSV Luckenwalde
43%
SC Wiedenbrück
43%
Eintracht Norderstedt
42%
FV Illertissen
42%
FC Memmingen
41%
FC Wegberg-Beeck
41%
SSVg Velbert
40%
SpVgg Ansbach
38%
FC-Astoria Walldorf
37%
TSV Aubstadt
37%
SGV Freiberg Fußball
35%
TSV Buchbach
33%
SV Schalding-Heining
31%
Blau-Weiß Lohne
30%
SC Spelle-Venhaus
29%
Eimsbütteler TV
28%

Verteilung der Resultate

Perzentil nach korrekt beantworteten Fragen

Anzahl Personen mit jedem Resultat

Ihre Resultats-Entwicklung

Sie haben dieses Quiz seit der letzten Aktualisierung nicht gespielt